00871nam a2200241 a 450000100100000000500170001000800410002704000250006808200200009310000330011324500930014626000570023930000200029649000150031650400210033165000260035265000270037865000280040583000210043391000340045495201240048899900170061200002498620200930023506.0841115s1984 cu 001 p spa d aDO-SdBNPbspacBNPHU aCu861.44bP339t1 aPavón, Luis,d1930-95127110aEl tiempo y sus banderas desplegadas /cLuis Pavón Tamayo; edición Juan N. Padrón. aLa Habana (Cuba) :bEditorial Letras Cubanas,c1984. a98 p. ;c20 cm.1 aGiraldilla aIncluye índice 4aPoesía cubana95226 4aPoesía amorosa99227 4aLiteratura cubana91483 0aGiraldilla98904 aCatalogación por copia / LC 001054708MOaGRbGRcCTd2011-02-08iLF1l0oCu861.44 P339tp24986-10r2020-06-25w2020-06-25y4ZPréstamo en sala c24479d24479